ბათუმის შოთა რუსთაველის სახელმწიფო უნივერსიტეტის ბიბლიოთეკა

Promoting Well-Being in the Pre-School Years: (ბიბ.ჩანაწერი № 58427)

000 -LEADER
fixed length control field 00702nam a22002057a 4500
005 - DATE AND TIME OF LATEST TRANSACTION
control field 20221107120326.0
008 - FIXED-LENGTH DATA ELEMENTS--GENERAL INFORMATION
fixed length control field 220207s2020 enk||||| |||| 00| 0 eng d
020 ## - INTERNATIONAL STANDARD BOOK NUMBER
International Standard Book Number 9780367028633x
041 ## - LANGUAGE CODE
Language code of text/sound track or separate title eng
080 ## - UNIVERSAL DECIMAL CLASSIFICATION NUMBER
Universal Decimal Classification number 37 F-84
100 ## - MAIN ENTRY--PERSONAL NAME
Personal name Frydenberg, Erica
9 (RLIN) 13476
245 ## - TITLE STATEMENT
Title Promoting Well-Being in the Pre-School Years:
Remainder of title Research, Applications and Strategies /
Statement of responsibility, etc. Erica Frydenberg, Janice Deans, Rachel Liang.
264 ## - PRODUCTION, PUBLICATION, DISTRIBUTION, MANUFACTURE, AND COPYRIGHT NOTICE
Place of production, publication, distribution, manufacture London :
Name of producer, publisher, distributor, manufacturer Routledge,
Date of production, publication, distribution, manufacture, or copyright notice 2020.
300 ## - PHYSICAL DESCRIPTION
Extent 177 p.
Other physical details 23 cm.
653 ## - INDEX TERM--UNCONTROLLED
keyword პედაგოგიკა
653 ## - INDEX TERM--UNCONTROLLED
keyword Педагогика
700 ## - ADDED ENTRY--PERSONAL NAME
Personal name Deans, Janice
Relator term ავტორი
9 (RLIN) 13477
700 ## - ADDED ENTRY--PERSONAL NAME
Personal name Liang, Rachel
Relator term ავტორი
9 (RLIN) 13478
942 ## - ADDED ENTRY ELEMENTS (KOHA)
Source of classification or shelving scheme
Koha item type წიგნი
ეგზემპლარები
Withdrawn status Lost status Source of classification or shelving scheme Damaged status Not for loan Permanent Location Current Location Shelving location Date acquired Cost, normal purchase price Full call number Barcode Date last seen Copy number Price effective from Koha item type Public note
          ბათუმის შოთა რუსთაველის სახელმწიფო უნივერსიტეტის მთავარი ბიბლიოთეკა ბათუმის შოთა რუსთაველის სახელმწიფო უნივერსიტეტის მთავარი ბიბლიოთეკა წიგნსაცავი 2022-02-07 69.00 37 F-84 62114 2022-02-07 62114 2022-02-07 წიგნი 69 ლ.